000 01093pam a2200301 a 4500
005 20260322212057.0
008 data
010 _a 87008516
020 _a0671646788 (pbk.) :
_c{dollar}5.95
020 _a9780671646783 (pbk.) :
_c{dollar}5.95
040 _aDLC
_cDLC
_dDLC
050 0 0 _aBF637.S8
_bS36 1987
082 0 0 _a158/.1
_219
092 _a158.1 S36 1987
100 1 _aSchwartz, David Joseph.
245 1 4 _aThe magic of thinking big /
_cDavid Joseph Schwartz.
250 _a1st Fireside ed.
260 _aNew York :
_bSimon & Schuster,
_c1987, c1965.
300 _a192 p. ;
_c21 cm.
500 _a"A Fireside book."
500 _aIncludes index.
650 0 _aSuccess.
856 4 2 _3Contributor biographical information
_uhttp://www.loc.gov/catdir/bios/simon051/87008516.html
856 4 1 _3Sample text
_uhttp://www.loc.gov/catdir/samples/simon031/87008516.html
856 4 2 _3Publisher description
_uhttp://www.loc.gov/catdir/description/simon033/87008516.html
856 4 1 _3Table of contents only
_uhttp://www.loc.gov/catdir/enhancements/fy0630/87008516-t.html
001 data
999 _c1363
_d1363